[Event "AUTO-OPEN-4640"]
[Site "http://www.queenalice.com/game.php?id=1869651"]
[Date "2026.2.22"]
[Round "1"]
[White "Fredo"]
[Black "Esvir"]
[Result "1-0"]
[WhiteElo "2088"]
[BlackElo "2041"]

1. e4 e5 2. Nc3 Nf6 3. f4 exf4 4. e5 Ng8 5. Nf3 d5 6. exd6 cxd6 7. Bc4 Nf6 8.
O-O Nc6 9. d4 Be7 10. Bxf4 O-O 11. a3 a6 12. d5 Na5 13. Ba2 b5 14. Ng5 h6 15.
Nge4 Bf5 16. Qe2 Bg6 17. b4 Nb7 18. Rac1 Rc8 19. Rf2 Bh5 20. Qd3 Nxe4 21. Nxe4
f5 22. Nd2 g5 23. Be3 Qe8 24. Rcf1 f4 25. Bd4 Bg6 26. Ne4 Qf7 27. g3 Qf5 28. Re1
Nd8 29. Bb1 Nf7 30. c3 Ne5 31. Bxe5 dxe5 32. d6 Bd8 33. Qd5+ Kg7 34. d7 Rc7 35.
Nc5 Bf7 36. Bxf5 Bxd5 37. Rxe5 Bc6 38. Ne6+ Kf6 39. gxf4 gxf4 40. Rfe2 Rg8+ 41.
Kf1 Bf3 42. Re1 Rxd7 43. Nxd8 Rdxd8 44. Bh3 Rg5 45. Re6+ Kf7 46. Rxh6 Rd2 47.
Rh7+ Kg6 48. Rh4 Rh5 49. Re6+ Kg5 50. Rxh5+ Kxh5 51. Re5+ Kh4 52. Bc8 Ra2 53.
Bxa6 Rxa3 54. Bxb5 Rxc3 55. Kf2 Kh3 56. Re8 Kh4 57. Rh8+ Kg5 58. h4+ Kg6 59. Rf8
1-0

[Event "AUTO-OPEN-4640"]
[Site "http://www.queenalice.com/game.php?id=1869652"]
[Date "2026.2.22"]
[Round "1"]
[White "Esvir"]
[Black "Fredo"]
[Result "0-1"]
[WhiteElo "2030"]
[BlackElo "2083"]

1. e4 c5 2. Bc4 e6 3. Nc3 Nc6 4. Nf3 d6 5. d3 Nf6 6. O-O Be7 7. Ne2 O-O 8. Ng3
Bd7 9. c3 Re8 10. d4 cxd4 11. cxd4 Na5 12. Bd3 Rc8 13. b3 Nc6 14. Be3 Nb4 15.
Bc4 b5 16. Be2 a5 17. Bd2 d5 18. exd5 Nbxd5 19. Ne5 b4 20. Nxd7 Qxd7 21. Rc1
Rxc1 22. Qxc1 Rc8 23. Qb2 Bf8 24. Bd3 Nc3 25. Bc4 Qxd4 26. Be3 Qd8 27. h4 Nfd5
28. Nh5 Qxh4 29. Ba6 Qxh5 0-1

[Event "AUTO-OPEN-4640"]
[Site "http://www.queenalice.com/game.php?id=1869665"]
[Date "2026.2.22"]
[Round "1"]
[White "Esvir"]
[Black "chessman"]
[Result "1/2-1/2"]
[WhiteElo "2029"]
[BlackElo "2133"]

1. e4 e6 2. Nf3 d5 3. exd5 exd5 4. d4 Nf6 5. Be2 Be7 6. b3 O-O 7. c4 c6 8. O-O
Re8 9. Nc3 Nbd7 10. Bd3 Nf8 11. Ne5 Be6 12. Be3 Bb4 13. Ne2 dxc4 14. bxc4 Bd6
15. Nf4 a6 16. Nxe6 Nxe6 17. Qf3 Qc7 18. Qg3 Rad8 19. f4 Nd7 20. Rf3 Nf6 21. f5
Nf8 22. Bh6 Nh5 23. Qg4 Bxe5 24. dxe5 Qxe5 25. Raf1 Qd4+ 26. Qxd4 Rxd4 27. Bd2
Nf6 28. Bc3 Rdd8 29. h3 c5 30. Bc2 Ne4 31. Bxe4 Rxe4 32. Rf4 Rxf4 33. Rxf4 b5
34. cxb5 axb5 35. Ba5 Ra8 36. Bb6 Nd7 37. Bc7 Rxa2 38. Re4 Ra8 39. Bd6 Nf6 40.
Re5 b4 41. Bxc5 b3 42. Bd4 Rb8 43. Re2 h6 44. Kf2 Rb4 45. Bb2 Rf4+ 46. Ke3 Nd5+
47. Kd3 Rxf5 48. Kc4 Nb6+ 49. Kxb3 Rb5+ 50. Ka2 Nc4 51. Bd4 Rd5 52. Bc3 Nd6 53.
Kb3 Nf5 54. Kc4 Rd8 55. g4 Nh4 56. Bb4 Ng6 57. Bd2 Rc8+ 58. Kd3 1/2-1/2

[Event "AUTO-ADV-4892"]
[Site "http://www.queenalice.com/game.php?id=1872088"]
[Date "2026.4.16"]
[Round "2"]
[White "Esvir"]
[Black "Fauquinelle"]
[Result "1-0"]
[WhiteElo "2009"]
[BlackElo "2102"]

1. e4 c6 2. d4 d5 3. e5 Bf5 4. Nf3 e6 5. c4 Nd7 6. Nc3 Be7 7. cxd5 exd5 8. Be2
f6 9. Bf4 g5 10. Bg3 h5 11. h3 Be6 12. O-O fxe5 13. Nxe5 Ngf6 14. Ng6 Rh7 15.
Nxe7 Qxe7 16. a3 O-O-O 17. b4 Rdh8 18. Qa4 a6 19. Qa5 h4 20. Qc7# 1-0